Gaming Quiz

Random Gaming Quiz

Weapons in PLAYERUNKNOWN'S BATTLEGROUNDS Quiz Stats

 Plays Quiz not verified by Sporcle

Score 0/33 Timer 03:00
0 Plays Today
Answer % Correct
AKM
90.7%
M416
87.9%
M16A4
86.7%
UMP
83.4%
AWM
83%
Micro Uzi
79.9%
Karabiner 98 Kurz
79.6%
Scar-L
77.7%
M24
74.4%
Vector
72.1%
Pan
70.9%
SKS
69.9%
Groza
68.7%
Mini 14
68.3%
Tommy Gun
64.7%
Smoke Grenade
64.7%
Frag Grenade
61.1%
Answer % Correct
S12K
56.6%
Stun Grenade
56.2%
Machete
55.5%
VSS Vintorez
55.4%
Molotov Cocktail
53.5%
Crowbar
53.3%
S686
49%
Sickle
48.4%
P92
47.6%
Mk14 EBR
47.4%
P1911
46.9%
P18C
46.4%
Crossbow
45.2%
S1897
40.7%
M249
34.8%
R1895
25.4%

You're not logged in!

Compare scores with friends on all Sporcle quizzes.
OR
Log In

Sporcle TV

Today on Sporcle TV


Watch our educational content, quiz creation guides, and fun videos on Sporcle TV.

Show Comments

Extras

Created Sep 13, 2017ReportNominate
Tags:PUBG

Top Quizzes Today


Score Distribution

Your Account Isn't Verified!

In order to create a playlist on Sporcle, you need to verify the email address you used during registration. Go to your Sporcle Settings to finish the process.

Report this User

Report this user for behavior that violates our Community Guidelines.

Details: